000 00192nam a2200109Ia 4500
100 _a#N/A
942 _cBK
654 _asimnet
245 _aSimnet (MIS)
260 _b#N/A
546 _aENGLISH
999 _c33734
_d33734